Famous Old People by Picture - Statistics

General Stats
  • This quiz has been taken 490 times
  • The average score is 6 of 10
Answer Stats
Picture Answer % Correct
Donald Trump
98%
Morgan Freeman
87%
Samuel L. Jackson
77%
Robert De Niro
65%
Anthony Hopkins
59%
Ian McKellen
53%
Tommy Lee Jones
52%
Patrick Stewart
51%
William Shatner
45%
Robert Duvall
39%
No matching quizzes found
Score Distribution
Percent of People with Each Score
Percentile by Number Answered
Your Score History
You have not taken this quiz